| 000 | 00370cam a2200145ua 4500 | ||
|---|---|---|---|
| 041 |
_aeng _h |
||
| 082 |
_a551.55 _bKOL/OU |
||
| 100 | _aKolobkov, N . | ||
| 245 |
_aOur atmospheric Ocean / _cN Kolobkov. _hTextual Documents |
||
| 260 |
_aMoscow : _bForeign Language Publishing House , _c1958. |
||
| 300 | _a330 ; . | ||
| 504 | _a | ||
| 942 | _cBK | ||
| 999 |
_c10081 _d10081 |
||